Library Logo

Pioneer International University Library Catalogue

REVENGE OF THE GODS (Record no. 9601)

MARC details
000 -LEADER
fixed length control field 00410nam a22001457a 4500
003 - CONTROL NUMBER IDENTIFIER
control field OSt
005 - DATE AND TIME OF LATEST TRANSACTION
control field 20251014111038.0
008 - FIXED-LENGTH DATA ELEMENTS--GENERAL INFORMATION
fixed length control field 251014b |||||||| |||| 00| 0 eng d
020 ## - INTERNATIONAL STANDARD BOOK NUMBER
International Standard Book Number 0435892533
040 ## - CATALOGING SOURCE
Transcribing agency HEINEMANN EDUCATIONAL PUBLISHERS
050 ## - LIBRARY OF CONGRESS CALL NUMBER
Classification number PR 6063 .M68 2002
245 ## - TITLE STATEMENT
Title REVENGE OF THE GODS
Statement of responsibility, etc. RICHARD MOVERLEY
260 ## - PUBLICATION, DISTRIBUTION, ETC.
Place of publication, distribution, etc. OXFORD UK
Name of publisher, distributor, etc. HEINEMANN EDUCATIONAL PUBLISHERS
Date of publication, distribution, etc. 2002
942 ## - ADDED ENTRY ELEMENTS (KOHA)
Source of classification or shelving scheme Library of Congress Classification
Koha item type Books
Suppress in OPAC No

No items available.